| 000 | | | 03939nmc2a22002533x 450 |
| 001 | | | bb372b78-5b5d-4ef9-bb9f-960b17f82927 |
| 005 | | | 20251023040712.0 |
| 100 | ## | $a | 20250428l18451848k l0rusy0189 ca |
| 101 | 0# | $a | rus |
| | $a | ger |
| 102 | ## | $a | RU |
| 105 | ## | $a | y### |
| 122 | 2# | $a | d |
| 200 | 1# | $a | Дело о поднесении государю императору и государю наследнику по экземпляру 8 части "Nouveaux memories", №№ 1, 2, 3 и 4 чтений в Обществе истории и древностей российских при Московском университете и изданной Минералогическим обществом книги под заглавием "Verhandlungen der Kaiserlich-Russischen mineralogischen gessellschaft zu St. Petersburg" за 1845 и 1846 годы |
| | $j | 13 апреля 1846 г. - 19 ноября 1848 г. |
| 215 | ## | $a | 53 л. |
| | $d | 36,5х26 см |
| 251 | ## | $c | Дело |
| 300 | ## | $a | На русском и немецком языках |
| 300 | ## | $a | На обложке указано: "№35" |
| 371 | ## | $a | Документ не является опубликованным и широко распространяемым |
| 461 | #0 | $1 | 0012b5b8419-5ce4-4d16-a7a3-85720a295f1f |
| | $1 | 2001 |
| | $a | Канцелярия министра народного просвещения |
| | $1 | 251 |
| | $c | Фонд |
| | $1 | 852 |
| | $j | 735 |
| 462 | #0 | $1 | 001562cc287-b13c-4f02-8029-f81535ba1e2e |
| | $1 | 2001 |
| | $a | Канцелярия министра народного просвещения |
| | $1 | 251 |
| | $c | Опись |
| | $1 | 852 |
| | $j | 2 |
| 801 | #0 | $a | RU |
| | $b | РГИА |
| | $c | 20250428 |
| | $g | RCR |
| 801 | #1 | $a | RU |
| | $b | ГлавНИВЦ |
| | $c | 20250428 |
| | $2 | rusmarc |
| 801 | #2 | $a | RU |
| | $b | ПБ им. Б.Н. Ельцина |
| | $c | 20251023 |
| | $g | RCR |
| | $2 | rusmarc |
| 850 | ## | $a | РГИА |
| 852 | ## | $a | РГИА |
| | $e | Федеральное казенное учреждение "Российский государственный исторический архив" (РГИА) |
| | $j | 578 |
| 937 | ## | $h | РГИА |
| | $d | 12421497 |
| | $a | ASBIBLIO_SCAN |
| 035 | ## | $a | RusGRCC00085567 |
| 856 | ## | $u | http://readingroom.main.prlib.ru/item.aspx?id_node=n198621362&mode=full |